Ruslan i Ljudmila opera. [1] /

Hlavní autor: Glinka, Michail Ivanovič, 1804-1857
Korporativní autor: Bol‘šoj teatr SSSR. Orkestr. Ansambl‘ solistov
Další autoři: Kondrašin, Kirill Petrovič, 1914-1981, Krivčenja, A., Lemešev, Sergej Jakovlevič, 1902-1977, Pokrovskaja, N., Petrov, Ivan Ivanovič, 1920-2003, Verbickaja, J. M., Firsova, V., Gavrjušov, J., Bol‘šoj teatr SSSR. Chor
Jazyk: Ruština
Vydáno: [Moskva] : Ministerstvo kul'tury SSSR, [1965]
Témata:
Fyzický popis: 1 LP deska : 33 ot/min ; 30 cm
Zvukové nahrávky
Uloženo v:
LEADER 01593njm a2200397 a 4500
001 000249678
003 CZ BrMZK
005 20100311095205.0
008 950101s1965 ru f rus d
028 0 3 |a D-002452-61  |b Ministerstvo kul¸tury 
040 |a BOA001  |b cze 
080 |a 782.1(47)(086.7)  |2 MRF 
080 |a 792.54(086.7)  |2 MRF 
100 1 |a Glinka, Michail Ivanovič,  |d 1804-1857  |7 jn19990210242  |4 cmp 
245 1 0 |a Ruslan i Ljudmila  |h [zvukový záznam] :  |b opera.  |n [1] /  |c M. Glinka. 
246 3 3 |a Ruslan a Ludmila 
260 |a [Moskva] :  |b Ministerstvo kul'tury SSSR,  |c [1965] 
300 |a 1 LP deska :  |b 33 ot/min ;  |c 30 cm 
500 |a Nahr. neuv 
500 |a Durata neuv 
511 0 |a V. Gavrjušov, zpěv; V. Firsova, zpěv; I. Pětrov, zpěv ... [et al.].Sbor a orchestr Velkého divadla SSSR, dir. K.P.Kondrašin. 
653 0 |a opery 
700 1 |a Kondrašin, Kirill Petrovič,  |d 1914-1981  |7 ola2004235532  |4 cnd 
700 1 |a Krivčenja, A.  |4 prf 
700 1 |a Lemešev, Sergej Jakovlevič,  |d 1902-1977  |7 jn20030822007  |4 prf 
700 1 |a Pokrovskaja, N.  |4 prf 
700 1 |a Petrov, Ivan Ivanovič,  |d 1920-2003  |7 jx20040831006  |4 prf 
700 1 |a Verbickaja, J. M.  |4 cnd 
700 1 |a Firsova, V.  |4 prf 
700 1 |a Gavrjušov, J.  |4 prf 
710 2 |a Bol‘šoj teatr SSSR.  |b Orkestr.  |b Ansambl‘ solistov  |7 xx0071169 
710 2 |a Bol‘šoj teatr SSSR.  |b Chor  |7 xx0071163 
910 |a BOA001  |b LP-0005.118,1 
964 |a Opery  |x texty ruské  |x LP 
990 |a AV 
996 6 |b 261H005287  |c LP-0005.118,1  |l MZK  |r Sklad / do 24 hodin  |n 0  |p kup zahr  |w 000249678  |u 000010  |a 1  |e BOA001  |j MZK50  |s P